[Event "Chicago op 18th"]
[Site "Chicago"]
[Date "2009.05.23"]
[Round "3"]
[White "Pullin, Matthew"]
[Black "Melekhina, Alisa"]
[Result "0-1"]
[WhiteElo "2032"]
[BlackElo "2322"]
[PlyCount "84"]
[EventDate "2009.05.22"]
[EventType "swiss"]
[EventRounds "7"]
[EventCountry "USA"]
[SourceTitle "CBM 130 Extra"]
[Source "ChessBase"]
[SourceDate "2009.07.02"]
[SourceVersion "2"]
[SourceVersionDate "2009.07.15"]
[SourceQuality "1"]

1. Nf3 Nf6 2. d4 g6 3. c4 Bg7 4. Nc3 d6 5. e4 0-0 6. Bd3 e5 7. 0-0 Nc6 8. d5 Ne7 9. Re1 Ne8 10. a4 a5 11. Ra3 h6 12. Nd2 f5 13. Nf1 f4 14. Be2 Nf6 15. h3 g5 16. Nh2 Ng6 17. Nb5 Nh4 18. Bf3 Nxf3+ 19. Rxf3 h5 20. Rd3 b6 21. g4 hxg4 22. hxg4 Qd7 23. f3 Kf7 24. Kg2 Rh8 25. Rh1 Ba6 26. b3 Rh4 27. Nc3 Rah8 28. Bd2 Qd8 29. Be1 R4h6 30. Bf2 Bc8 31. Qg1 R8h7 32. Kf1 Qh8 33. Bxb6 Rxh2 34. Rxh2 Rxh2 35. Bxc7 Rh1 36. Qxh1 Qxh1+ 37. Ke2 Qg2+ 38. Kd1 Qf1+ 39. Kc2 Qf2+ 40. Kc1 Bf8 41. Bxa5 Bxg4 42. fxg4 Nxg4 0-1

[Event "Chicago op 18th"]
[Site "Chicago"]
[Date "2009.05.22"]
[Round "1"]
[White "Pullin, Matthew"]
[Black "Perelshteyn, Eugene"]
[Result "0-1"]
[WhiteElo "2032"]
[BlackElo "2543"]
[PlyCount "66"]
[EventDate "2009.05.22"]
[EventType "swiss"]
[EventRounds "7"]
[EventCountry "USA"]
[SourceTitle "CBM 130 Extra"]
[Source "ChessBase"]
[SourceDate "2009.07.02"]
[SourceVersion "2"]
[SourceVersionDate "2009.07.15"]
[SourceQuality "1"]

1. Nf3 Nf6 2. d4 g6 3. c4 Bg7 4. Nc3 d6 5. e4 0-0 6. Bd3 Na6 7. 0-0 e5 8. h3 exd4 9. Nxd4 Nc5 10. Bc2 Re8 11. Re1 c6 12. Nb3 Be6 13. Bf4 Bf8 14. Nd2 a5 15. Qf3 Nfd7 16. Qg3 Ne5 17. Rad1 Qb6 18. b3 a4 19. Be3 axb3 20. axb3 Qb4 21. Bd4 b5 22. f4 bxc4 23. fxe5 cxb3 24. Nxb3 Nxb3 25. Bxb3 Bxb3 26. Rd3 dxe5 27. Bf2 Bc4 28. Rf3 Ra3 29. Rb1 Qe7 30. Rc1 Rea8 31. Be3 Ra1 32. Qe1 Rxc1 33. Qxc1 Qa3 0-1